Vybrané aspekty vývoja somálskeho pirátstva
Príspevok sa zaoberá problémom somálskeho pirátstva z hľadiska vybraných aspektov jeho vývoja. Venuje sa analýze kvantitatívnych ukazovateľov v roku 2011 a ich komparácii s rokom 2010, zaoberá sa otázkou potenciálu somálskych pirátov ohroziť obchod s ropou, načrtáva perspektívy vývoja somálskeho pir...
Gespeichert in:
| 1. Verfasser: | |
|---|---|
| Format: | Buchkapitel |
| Sprache: | Slowakisch |
| Schlagworte: | |
| Tags: |
Keine Tags, Fügen Sie das erste Tag hinzu!
|
MARC
| LEADER | 00000nla a2200000 4500 | ||
|---|---|---|---|
| 001 | 0166805 | ||
| 005 | 20240502072915.5 | ||
| 041 | 0 | |a slo | |
| 044 | |a SK | ||
| 245 | 1 | 0 | |a Vybrané aspekty vývoja somálskeho pirátstva |c Viliam Pajtinka |
| 520 | |a Príspevok sa zaoberá problémom somálskeho pirátstva z hľadiska vybraných aspektov jeho vývoja. Venuje sa analýze kvantitatívnych ukazovateľov v roku 2011 a ich komparácii s rokom 2010, zaoberá sa otázkou potenciálu somálskych pirátov ohroziť obchod s ropou, načrtáva perspektívy vývoja somálskeho pirátstva a napokon poukazuje na súvislosti pôsobenia súkromných námorných bezpečnostných spoločností. | ||
| 610 | 2 | 0 | |a doprava námorná |
| 610 | 2 | 0 | |a činnosť trestná |
| 610 | 2 | 0 | |a krádeže |
| 610 | 2 | 0 | |a kriminalita |
| 610 | 2 | 0 | |a obchod |
| 610 | 2 | 0 | |a ropa |
| 610 | 2 | 0 | |a Somálsko |
| 100 | 1 | |a Pajtinka, Viliam | |